000 00776nam a2200253 a 4500
001 34572
003 BD-RjUL
005 20211209052200.0
008 190330s1940 nyua 001 0 eng
035 _a(BD-RjUL)34666
040 _aDLC
_cCarP
_dDLC
_dBD-RjUL
_beng
041 _aeng
043 _aa-is---
082 _223
_a331.1095694
_bGRL 1940
100 1 _aGranovsky, A.
_q(Abraham),
_d1890-1962.
_9229829
245 1 0 _aLand policy in Palestine /
_cby A. Granovsky
260 _aNew York:
_bBloch publishing company,
_c1940.
300 _axv, 208 p. :
_bIll. ;
_c21 cm.
500 _a"The Jewish Book Concern"
610 2 0 _aJewish National Fund.
_9229830
650 0 _aLand tenure
_zPalestine.
_9229831
650 0 _aLand, Nationalization of.
_9229832
942 _2ddc
_cRAR
999 _c34572
_d34572